| 000 | 00379nam a22001577a 4500 | ||
|---|---|---|---|
| 020 | _a978-93-324-2591-40 | ||
| 082 |
_a823 _bSCO/T |
||
| 100 | _aSCOTT, WALTER | ||
| 245 |
_aTHE TALISMAN _bCLASSIC STORY |
||
| 246 |
_aTHE TALISMAN _bCLASSIC STORY |
||
| 260 |
_aDELHI _bRAJA POCKET BOOKS _c2016 |
||
| 300 | _a112 | ||
| 520 | _aCLASSIC STORY | ||
| 650 | _aCLASSIC STORY | ||
| 942 | _cBK | ||
| 999 |
_c2868 _d2868 |
||